Komárom Ujkomáromi vasúti állomás

Zobrazenie: Pohľad z výšky na koľajisko na železničnej stanici. Vpravo vidno budovy železníc

Bibliographic Details
Format: Postcard
Language:Hungarian
German
PhysicalDescription:1 pohľadnica kolorovaná 9 x 14 cm
Published: [Budapešť?] K. J. Bp. 1917
Subjects:

MARC

LEADER 00000nkm a2200000 a 4500
001 vtls011884482
003 SK-MaSNL
005 20260512122425.0
007 kp ho
008 230706s1917 hu g kuhun
015 |a SNBG1917 
035 |a urn:nbn:sk:snk-km00ebe2 
035 |a urn:nbn:sk:snk-km43fs6 
035 |a 7DFE0B03-4BAE-4C77-9D86-B7154C4F6EE4 
040 |a SNK  |b slo  |c SNK  |e AACR2 
041 0 |a hun  |a ger 
043 |a e-xo--- 
044 |a xo  |c SK 
072 7 |a 913  |x Regionálna geografia  |2 konspekt 
080 |a 913(437.6)  |2 2011 
080 |a 711.75  |2 2011 
080 |a (084.121)  |2 2011 
080 |a 625.15  |2 2011 
245 0 0 |a Komárom  |h grafika  |b Ujkomáromi vasúti állomás 
246 3 1 |a Komárom  |b Die Eisenbahnstation von Ujkomarom 
260 |a [Budapešť?]  |b K. J. Bp.  |c 1917 
300 |a 1 pohľadnica  |b kolorovaná  |c 9 x 14 cm 
500 |a Názvové údaje prevzaté z obrazovej časti pohľadnice 
520 8 |a Zobrazenie: Pohľad z výšky na koľajisko na železničnej stanici. Vpravo vidno budovy železníc 
546 |a Súbežný podnázov v nem. 
650 0 7 |a železnice  |2 SNKPH  |9 20511 
650 0 7 |a koľajiská  |2 SNKPH  |9 30287 
651 7 |a Komárno (Slovensko)  |2 SNKPHgeo  |9 39168 
655 7 |a miestne pohľadnice  |2 SNKPH  |9 70510 
852 |a Slovenská národná knižnica 
958 |a GBN 
958 |a GC 
958 |a ONDV 
999 |c 604255  |d 606185 
952 |a SNK  |b SNK  |y PREZ  |7 0  |p 17A1281473  |o snkSP 90248  |z Pohľadnica prešla poštou.  |0 0  |1 0  |4 0  |d 2019-09-02  |f 1  |l 0  |r 2026-02-23 16:04:28  |w 2026-02-23